000 01023nam a22003017a 4500
001 BR0205755
003 BR-BrBNA
005 20230928101215.0
007 ta
008 230509b bl.||||| |||| 00| 0 por d
040 _aBR-BrBNA
_bpor
_cBiblioteca Nacional de Agricultura
041 _a(Por)
072 _aL73
_b5400
_b4110
090 _ 5400 BR0205755
100 1 _aSouza, L.A. de
110 1 _aUniversidade Federal de Minas Gerais, Belo Horizonte (Brasil). Escola Veterinária
_0Tese (Mestre em Medicina Veterinária)
_910845
245 1 _aPrevalência de infecção por Brucella canis na região metropolitana de Belo Horizonte-MG no período de dezembro a 1999 a junho de 2000
260 3 _aBelo Horizonte, MG (Brasil):
_c2002.
300 _a27 p.
500 _aSummaries (Eng, Por); Bibliography p. 22-25; 5 illus.
650 _aCÃO
650 _aDOENÇA ANIMAL
650 _aBRUCELLA CANIS
650 _aINFECÇÃO
650 _aMINAS GERAIS
909 _a202309
_bLucia
_c55
_dLucia Elande
942 _cBK
999 _c64723
_d64723